[Event "ICS rated blitz match"]
[Site "207.99.83.227"]
[Date "1999.04.17"]
[Round "?"]
[White "jo"]
[Black "Hossa"]
[Result "1-0"]
[WhiteElo "2457"]
[BlackElo "2627"]
[Annotator "Crafty v16.6"]
[PlyCount "125"]

{annotating for player ossa  using a scoring margin of +0.10 pawns.  search
time limit is 10.00} 1. e4 1... e5 2. Nf3 Nc6 3. Bb5 a6 4. Ba4 Nf6 5. Qe2 Be7 (
{9:-0.53} 5... Be7 6. c4 d6 7. Bxc6+ bxc6 8. Nc3 Ng4 9. O-O f5 10. Re1 fxe4 11.
Qxe4 $14) ({9:-0.22} 5... b5 6. Bb3 Bc5 7. O-O O-O 8. Nc3 Bb7 9. Nd5 9... Nd4
$10) 6. O-O b5 7. Bb3 O-O 8. c3 d6 9. Rd1 Na5 10. Bc2 c5 11. d3 Nc6 12. Nbd2
Be6 13. Ng5 Bg4 14. f3 Bd7 15. g4 h5 16. h3 Ne8 17. h4 Bxg5 18. hxg5 Qxg5 19.
Nf1 Qg6 20. Nh2 hxg4 21. fxg4 Qh7 22. Kg2 b4 23. Rh1 bxc3 24. bxc3 Rb8 25. Nf3
Qg6 26. g5 Be6 27. Nh4 Qh7 28. Ba4 Ne7 29. Nf5 Bxf5 30. Rxh7 Bxh7 31. Be3 f5
32. Bb3+ Rxb3 33. axb3 f4 34. Bxf4 exf4 35. Kf2 Nc7 36. Qg4 Ng6 37. Qd7 Nb5 38.
Rxa6 Rb8 39. Rb6 Rxb6 40. Qd8+ Kf7 41. Qxb6 Nxc3 42. Qxd6 Nd1+ 43. Kf3 Ne3 44.
Qxc5 Ke8 45. b4 Kf7 46. b5 Ke8 47. b6 Nh4+ 48. Kxf4 Ng6+ 49. Kxe3 Nf8 50. b7
Nd7 51. Qc8+ Ke7 52. b8=Q Nxb8 53. Qxb8 Kf7 54. Qe5 Bg6 55. d4 Kg8 56. d5 Bh5
57. d6 Kh7 58. d7 Bf7 59. d8=Q Bb3 60. Qde7 Kg6 61. Q7xg7+ Kh5 62. Qg3 Bd5 63.
Qh6# 1-0

[Event "ICS rated blitz match"]
[Site "207.99.83.227"]
[Date "1999.04.17"]
[Round "?"]
[White "jo"]
[Black "Hossa"]
[Result "1-0"]
[WhiteElo "2480"]
[BlackElo "2604"]
[Annotator "Crafty v16.6"]
[PlyCount "91"]

{annotating for player ossa  using a scoring margin of +0.10 pawns.  search
time limit is 10.00} 1. e4 1... d6 2. d4 Nf6 3. Nc3 Nbd7 4. f3 e5 5. Be3 Be7 6.
Qd2 exd4 7. Bxd4 O-O 8. O-O-O Ne5 9. Kb1 Be6 10. g4 Nc6 ({8:-0.24} 10... Nc6
11. Be3 Nb4 12. Nh3 Qd7 13. Ng5 Rae8 14. Nxe6 14... Qxe6 $10) ({8:-0.04} 10...
Re8 11. Qf4 Nfd7 12. Nh3 Ng6 13. Qd2 Nde5 14. Qe3 $10) 11. Be3 Re8 12. h4 Ne5
13. Bd4 Nc6 14. Be3 a5 15. h5 a4 16. a3 Ne5 17. g5 Nfd7 18. Bd3 Nxd3 19. cxd3
Bb3 20. Re1 Ra5 21. f4 Bf8 22. Nf3 f5 23. gxf6 Nxf6 24. h6 gxh6 25. Nd4 c5 26.
Reg1+ Kh8 27. Nxb3 axb3 28. f5 h5 29. Bg5 Be7 30. Bxf6+ Bxf6 31. Rxh5 Rg8 32.
Rgh1 Rg7 33. Nd5 Bd4 34. f6 Rf7 35. Qh2 Qg8 36. Ne7 Be5 37. Qh3 Bxf6 38. Nxg8
Kxg8 39. Qc8+ Rf8 40. Qe6+ Rf7 41. Rxh7 Bg7 42. Rg1 Kf8 43. Rhxg7 Rf1+ 44.
Rxf1+ Kxg7 45. Qg4+ Kh7 46. Rh1# 1-0

[Event "ICS rated bullet match"]
[Site "207.99.83.227"]
[Date "1999.04.17"]
[Round "?"]
[White "SuperChicken"]
[Black "Hossa"]
[Result "1-0"]
[WhiteElo "2653"]
[BlackElo "2487"]
[Annotator "Crafty v16.6"]
[PlyCount "139"]

{annotating for player ossa  using a scoring margin of +0.10 pawns.  search
time limit is 10.00} 1. e4 1... c5 2. Nc3 Nc6 3. Nf3 Nf6 ({8:-0.75} 3... Nf6 4.
Bc4 Na5 5. Be2 d5 6. exd5 Nxd5 7. Bb5+ Bd7 8. O-O Bxb5 9. Nxb5 $16) ({8:-0.62} 
3... Nh6 4. Bb5 f5 5. O-O fxe4 6. Nxe4 d6 7. c4 7... Bg4 $14) 4. d4 cxd4 5.
Nxd4 e5 6. Ndb5 Bb4 7. a3 Bxc3+ 8. Nxc3 Qa5 ({9:-0.58} 8... Qa5 9. Bd3 d5 10.
Bd2 d4 11. Nd5 Qd8 12. Qf3 12... Be6 $14) ({9:-0.35} 8... O-O 9. Bd3 Nd4 10.
O-O Re8 11. Be3 d6 12. Nd5 Nxd5 13. exd5 $14) 9. Bd3 d5 10. exd5 Nxd5 11. Bd2
O-O 12. O-O Rd8 13. Qh5 Nf6 14. Qg5 Be6 15. Nb5 Qb6 16. Be3 Nd4 17. Qxe5 Ng4
18. Bxd4 Nxe5 19. Bxb6 axb6 20. Nc7 Rac8 21. Nxe6 fxe6 22. Be4 Nc4 23. b3 Nd2
24. Rfe1 Nxe4 25. Rxe4 Rxc2 26. Rxe6 b5 27. Rb6 Ra2 28. Re1 Rxa3 29. Rxb5 Rd7
30. g4 g6 31. Re8+ Kf7 32. Rb8 Ra7 33. Kg2 Kg7 34. Kf3 Re7 35. h4 h6 36. Kf4
Kh7 37. f3 Kg7 38. b4 Rd7 39. Ke4 Re7+ 40. Re5 Rc7 41. Rd8 Ra1 42. Rd6 Re1+ 43.
Kd5 Rd1+ 44. Ke6 Rf1 45. Rd3 Rf7 46. Rb5 Re1+ 47. Kd6 Re8 48. Rbd5 Ref8 49. Kc5
Rxf3 50. Rxf3 Rxf3 51. Rd7+ Kg8 52. Rxb7 Rh3 53. h5 gxh5 54. gxh5 Rxh5+ 55. Kc6
Re5 56. b5 h5 57. b6 h4 58. Rb8+ Kf7 59. b7 Re6+ 60. Kd5 Re1 61. Rf8+ Kg7 62.
b8=Q Rd1+ 63. Ke4 Re1+ 64. Kd3 Rd1+ 65. Ke2 Rd7 66. Qe8 Ra7 67. Rg8+ Kf6 68.
Rg6+ Kf5 69. Qe6+ Kf4 70. Rg4# 1-0

[Event "ICS rated blitz match"]
[Site "207.99.83.227"]
[Date "1999.04.17"]
[Round "?"]
[White "Hossa"]
[Black "Prof-Moriarty"]
[Result "1-0"]
[WhiteElo "2583"]
[BlackElo "2243"]
[PlyCount "61"]

1. e4 c5 2. Bc4 Nc6 3. Nf3 e6 4. O-O d6 5. d4 cxd4 6. Nxd4 Nf6 7. Nc3 Be7 8.
Nxc6 bxc6 9. Be3 O-O 10. Qe2 d5 11. exd5 cxd5 12. Bb5 Bd7 13. Rad1 Bxb5 14.
Nxb5 Qa5 15. Bd4 a6 16. Nc3 Rab8 17. Qf3 Rfe8 18. Kh1 Qc7 19. Rfe1 a5 20. Be5
Bd6 21. Bxf6 gxf6 22. Qxf6 Be7 23. Qf3 Kh8 24. Qxf7 Rf8 25. Qxe6 Bb4 26. Nxd5
Qg7 27. Nxb4 Rxb4 28. Rd7 Qg5 29. Qe7 Qxe7 30. Rexe7 Rxf2 31. Rd8+ {
Prof-Moriarty resigns} 1-0

[Event "ICS rated blitz match"]
[Site "207.99.83.227"]
[Date "1999.04.17"]
[Round "?"]
[White "Hossa"]
[Black "Speedy"]
[Result "1-0"]
[WhiteElo "2587"]
[BlackElo "2299"]
[PlyCount "39"]

1. e4 c5 2. Bc4 a6 3. Nc3 b5 4. Bxf7+ Kxf7 5. Qh5+ g6 6. Qd5+ e6 7. Qxa8 Nc6 8.
Nf3 Qc7 9. d3 b4 10. Na4 h6 11. Bf4 d6 12. Nxc5 e5 13. Bd2 dxc5 14. Qxc6 Qxc6
15. Nxe5+ Ke6 16. Nxc6 Bd7 17. Nd8+ Kf6 18. a3 Be7 19. axb4 Bxd8 20. Bc3+ {
Speedy resigns} 1-0

[Event "ICS rated blitz match"]
[Site "207.99.83.227"]
[Date "1999.04.17"]
[Round "?"]
[White "Prof-Moriarty"]
[Black "Hossa"]
[Result "0-1"]
[WhiteElo "2177"]
[BlackElo "2561"]
[PlyCount "36"]

1. d4 Nf6 2. Nf3 e6 3. e3 Be7 4. Bd3 O-O 5. Nbd2 d5 6. O-O c5 7. b3 Nc6 8. a3
cxd4 9. exd4 Bd7 10. Bb2 Qc7 11. Ne5 Bd6 12. f4 Rac8 13. Rf3 Be8 14. Rh3 Nb8
15. Bxh7+ Nxh7 16. Qh5 Qxc2 17. Rf1 f6 18. f5 18... Bxh5 {Prof-Moriarty resigns
} 0-1

[Event "ICS rated bullet match"]
[Site "207.99.83.227"]
[Date "1999.04.17"]
[Round "?"]
[White "Hossa"]
[Black "TDChess"]
[Result "0-1"]
[WhiteElo "2478"]
[BlackElo "2445"]
[Annotator "Crafty v16.6"]
[PlyCount "54"]

{annotating for player ossa  using a scoring margin of +0.10 pawns.  search
time limit is 10.00} 1. e4 1... e6 2. Nf3 d5 3. e5 ({8:-0.02} 3. e5 3... Nh6 4.
Bb5+ c6 5. Be2 Bc5 6. Nc3 O-O 7. O-O $10) ({8:+0.89} 3. exd5 3... Qxd5 4. Nc3
Qd6 5. Be2 Nf6 6. Nb5 Qf4 7. O-O $16) 3... g5 4. d4 g4 5. Nfd2 h5 6. f3 ({
8:+0.03} 6. f3 6... Nc6 7. Bb5 Nh6 8. Nc3 Bb4 9. fxg4 Qh4+ 10. g3 10... Qxg4
$10) ({8:+0.33} 6. h3 6... gxh3 7. Rxh3 Nc6 8. Bb5 Qg5 9. Rg3 Qf4 10. Nc4 $14)
6... Nc6 7. c3 Qh4+ 8. g3 Qg5 9. Be2 f5 10. exf6 Qg6 11. fxg4 hxg4 12. Bxg4 ({
8:+0.46} 12. Bxg4 12... Nxf6 13. Be2 Bd7 14. Na3 O-O-O 15. Nb5 15... Rh3 $14) (
{8:+1.20} 12. f7+ 12... Qxf7 13. Bxg4 Bd7 14. Rf1 Qg6 15. h4 O-O-O 16. h5 $16)
12... Nxf6 13. Bf3 e5 14. dxe5 Nxe5 15. Qe2 Bd6 16. Rf1 O-O 17. Qg2 Qc2 18.
Bxd5+ Kg7 19. Ke2 Bg4+ 20. Qf3 Rae8 21. Kf2 Nxd5 22. Qf4 Nxf4 23. gxf4 Rxf4+
24. Kg1 Bh3 25. Rxf4 Qg6+ 26. Kf2 Nd3+ 27. Kf3 Bg2# 0-1

[Event "ICS rated blitz match"]
[Site "207.99.83.227"]
[Date "1999.04.17"]
[Round "?"]
[White "Hossa"]
[Black "Prof-Moriarty"]
[Result "1-0"]
[WhiteElo "2564"]
[BlackElo "2174"]
[PlyCount "29"]

1. e4 c5 2. Bc4 e6 3. Nc3 d6 4. Nf3 Nc6 5. d4 Nf6 6. dxc5 dxc5 7. Qxd8+ Kxd8 8.
Bf4 Be7 9. O-O-O+ Ke8 10. Nb5 Kf8 11. Nc7 Rb8 12. e5 Nd7 13. Bb5 Bd8 14. Na6
bxa6 15. Bxc6 {Prof-Moriarty resigns} 1-0

[Event "ICS rated bullet match"]
[Site "207.99.83.227"]
[Date "1999.04.17"]
[Round "?"]
[White "Hossa"]
[Black "Prof-Moriarty"]
[Result "1-0"]
[WhiteElo "2460"]
[BlackElo "2170"]
[PlyCount "32"]

1. e4 d6 2. d4 Nf6 3. Nc3 g6 4. Bc4 Bg7 5. Nf3 O-O 6. O-O c6 7. e5 Nfd7 8. exd6
exd6 9. Bg5 Qa5 10. Be7 Re8 11. Bxd6 Nb6 12. Re1 Rxe1+ 13. Qxe1 Bd7 14. Bxf7+
Kh8 15. Be5 Nc8 16. Rd1 16... Ne7 {Prof-Moriarty resigns} 1-0

[Event "ICS rated blitz match"]
[Site "207.99.83.227"]
[Date "1999.04.17"]
[Round "?"]
[White "Prof-Moriarty"]
[Black "Hossa"]
[Result "0-1"]
[WhiteElo "2156"]
[BlackElo "2567"]
[PlyCount "38"]

1. d4 Nf6 2. Nf3 e6 3. e4 Nxe4 4. Bd3 d5 5. O-O Be7 6. Nbd2 Nf6 7. c3 O-O 8.
Re1 Nbd7 9. Ne5 c5 10. Nf1 Qb6 11. Re3 cxd4 12. cxd4 Kh8 13. Bc2 Bd6 14. f4 Rb8
15. Rh3 Nxe5 16. fxe5 Bxe5 17. Bxh7 Qxd4+ 18. Qxd4 Bxd4+ 19. Kh1 19... Nxh7 {
Prof-Moriarty resigns} 0-1

[Event "ICS rated bullet match"]
[Site "207.99.83.227"]
[Date "1999.04.17"]
[Round "?"]
[White "Stas"]
[Black "Hossa"]
[Result "0-1"]
[WhiteElo "2000"]
[BlackElo "2465"]
[PlyCount "126"]

1. e4 e5 2. Nf3 Nc6 3. Bb5 a6 4. Ba4 Nf6 5. O-O b5 6. Bb3 Be7 7. c3 O-O 8. d4
d6 9. d5 Na5 10. Bc2 Nb7 11. a4 bxa4 12. Nbd2 Nc5 13. Re1 Bd7 14. Nf1 Rb8 15.
Ng3 Nb3 16. Bxb3 Rxb3 17. Nd2 Rb6 18. Nc4 Rb8 19. Na5 Qe8 20. Nf5 Bxf5 21. exf5
Rb5 22. Nc6 Nxd5 23. c4 Qxc6 24. cxb5 axb5 25. Be3 Nxe3 26. Rxe3 Qe8 27. Qc2
Qd7 28. Rg3 Bd8 29. Qe4 f6 30. Rd1 Kh8 31. h4 Qf7 32. Rh3 Rg8 33. h5 Qa2 34.
Rg3 Qxb2 35. h6 Qa2 36. hxg7+ Rxg7 37. Rxg7 Kxg7 38. Qg4+ Kh8 39. Qh5 Qg8 40.
Rd3 e4 41. Rg3 Qf8 42. Rh3 Qe7 43. Rg3 d5 44. Qh6 c5 45. Qh5 b4 46. Qg4 Qf7 47.
Rh3 a3 48. Qg6 Qxg6 49. fxg6 Kg7 50. Rxh7+ Kxg6 51. Ra7 b3 52. Rxa3 c4 53. Ra8
b2 54. Rxd8 b1=Q+ 55. Kh2 Qd3 56. g3 c3 57. Kg1 Qc4 58. Rxd5 Qxd5 59. Kh2 Qh5+
60. Kg2 Qf3+ 61. Kh2 Qxf2+ 62. Kh3 Kf5 63. Kh4 63... Qh2# {Stas checkmated} 0-1

[Event "ICS rated bullet match"]
[Site "207.99.83.227"]
[Date "1999.04.17"]
[Round "?"]
[White "Hossa"]
[Black "Stas"]
[Result "1-0"]
[WhiteElo "2467"]
[BlackElo "1998"]
[PlyCount "85"]

1. e4 c5 2. Bc4 e6 3. Nc3 a6 4. a4 Ne7 5. Nf3 d5 6. exd5 exd5 7. Ba2 Be6 8. d4
h6 9. dxc5 g6 10. Be3 Bg7 11. Bd4 O-O 12. Bxg7 Kxg7 13. O-O Nbc6 14. Qd2 Qc7
15. Nxd5 Nxd5 16. Bxd5 Rfd8 17. Qc3+ Kg8 18. Bxe6 fxe6 19. Qe3 Kg7 20. Qxe6 Re8
21. Qb3 Re4 22. Rae1 Rae8 23. Qc3+ Kf7 24. Rxe4 Rxe4 25. Qh8 Qf4 26. Qh7+ Kf6
27. Qxb7 Re6 28. Qxa6 g5 29. Qa8 Ne5 30. Nxe5 Qxe5 31. Qh8+ Kf5 32. Qxe5+ Kxe5
33. Re1+ Kd5 34. c4+ Kxc5 35. Rxe6 Kxc4 36. Rxh6 Kb4 37. g4 Kxa4 38. Rb6 Ka5
39. Rb8 Ka6 40. b4 Ka7 41. Rb5 Ka6 42. Rxg5 Ka7 43. Ra5+ {Stas resigns} 1-0

[Event "ICS rated bullet match"]
[Site "207.99.83.227"]
[Date "1999.04.17"]
[Round "?"]
[White "Stas"]
[Black "Hossa"]
[Result "0-1"]
[WhiteElo "1996"]
[BlackElo "2469"]
[PlyCount "58"]

1. e4 d6 2. Nf3 Nf6 3. Nc3 e6 4. d4 Be7 5. Bc4 O-O 6. Bb3 Nc6 7. O-O Na5 8. Bg5
Nxb3 9. axb3 Bd7 10. e5 Ng4 11. Bxe7 Qxe7 12. h3 Nh6 13. g4 Bc6 14. Qd3 f5 15.
exf6 Qxf6 16. Nh2 Qg5 17. f3 Kh8 18. Ne4 Qh4 19. Qe3 Qxh3 20. Rf2 Nf7 21. Nf1
Bxe4 22. Qxe4 Ng5 23. Qe3 Nxf3+ 24. Rxf3 Qxf3 25. Qxf3 Rxf3 26. Nh2 Rf4 27. Kg2
Rxd4 28. Re1 Rd2+ 29. Kg3 29... Rxc2 {Stas resigns} 0-1

[Event "ICS rated bullet match"]
[Site "207.99.83.227"]
[Date "1999.04.17"]
[Round "?"]
[White "Hossa"]
[Black "Stas"]
[Result "1-0"]
[WhiteElo "2471"]
[BlackElo "1994"]
[PlyCount "63"]

1. e4 c5 2. Bc4 e6 3. Nc3 a6 4. a4 Nc6 5. d3 Nge7 6. Bg5 h6 7. Bh4 g5 8. Bg3 d5
9. Bb3 Bg7 10. Nge2 d4 11. Na2 h5 12. f3 h4 13. Bf2 Qc7 14. Qd2 Bh6 15. O-O g4
16. f4 e5 17. Bxh4 exf4 18. Qe1 Ng6 19. Bf6 Rh7 20. Kh1 Bf8 21. e5 Ncxe5 22.
Nxf4 Bd6 23. Nd5 Qc6 24. Bxe5 Bxe5 25. Nf6+ Qxf6 26. Rxf6 Rxh2+ 27. Kg1 g3 28.
Bxf7+ Ke7 29. Rxg6 Kxf7 30. Qxe5 Bh3 31. Rg7+ Kf8 32. Qe7# {Stas checkmated}
1-0

[Event "ICS rated bullet match"]
[Site "207.99.83.227"]
[Date "1999.04.17"]
[Round "?"]
[White "Stas"]
[Black "Hossa"]
[Result "0-1"]
[WhiteElo "1992"]
[BlackElo "2473"]
[PlyCount "60"]

1. e4 c5 2. Nf3 Nc6 3. d4 cxd4 4. Nxd4 Qb6 5. Nb3 Nf6 6. Nc3 e6 7. Be3 Qc7 8.
Be2 Bb4 9. O-O Bxc3 10. bxc3 Nxe4 11. Bd3 Nxc3 12. Qg4 O-O 13. Bh6 Qe5 14. Rae1
f5 15. Qh5 Qc7 16. Bd2 Nxa2 17. g4 Ne5 18. Kh1 Qc6+ 19. f3 Nxf3 20. Rxf3 Qxf3+
21. Kg1 b5 22. Rf1 Qc6 23. gxf5 Bb7 24. Qg4 Qh1+ 25. Kf2 Qxh2+ 26. Ke1 exf5 27.
Bxf5 Rae8+ 28. Kd1 Rxf5 29. Rxf5 Qh1+ 30. Be1 30... Qxe1# {Stas checkmated} 0-1

[Event "ICS rated bullet match"]
[Site "207.99.83.227"]
[Date "1999.04.17"]
[Round "?"]
[White "Hossa"]
[Black "Stas"]
[Result "1-0"]
[WhiteElo "2475"]
[BlackElo "1990"]
[PlyCount "119"]

1. e4 c5 2. Bc4 e6 3. Nc3 Ne7 4. Nf3 a6 5. O-O b5 6. Be2 Nbc6 7. d3 Bb7 8. Be3
Ng6 9. d4 cxd4 10. Bxd4 Nxd4 11. Qxd4 d6 12. Rad1 Be7 13. a4 bxa4 14. Qxa4+ Qd7
15. Qxd7+ Kxd7 16. e5 d5 17. Bc4 Kc7 18. Bd3 Bb4 19. Na2 Bc5 20. Nc1 Rac8 21.
Nb3 Bb6 22. Ra1 Ra8 23. Ra4 Ne7 24. Rfa1 Ra7 25. Rf4 Rf8 26. Ng5 Nc6 27. Nxe6+
fxe6 28. Rxf8 Nxe5 29. Bxh7 Kd6 30. Re1 Nd7 31. Rg8 a5 32. c3 a4 33. Nd4 Bxd4
34. cxd4 a3 35. bxa3 Rxa3 36. Rxg7 Bc6 37. Bg8 Nf8 38. Rf7 Nd7 39. Rxe6+ Kxe6
40. Rf3+ Kd6 41. Rxa3 Nf6 42. Bf7 Ne4 43. f4 Nf6 44. h3 Ne4 45. g4 Nf6 46. Ra6
Ne4 47. Be8 Nf6 48. Rxc6+ Ke7 49. Rxf6 Kxf6 50. g5+ Ke7 51. Bg6 Kd6 52. f5 Ke7
53. f6+ Kd6 54. Bf7 Kc7 55. g6 Kd6 56. h4 Kc7 57. g7 Kd6 58. g8=Q Kc7 59. Bxd5
Kd6 60. Qd8# {Stas checkmated} 1-0

[Event "ICS rated bullet match"]
[Site "207.99.83.227"]
[Date "1999.04.17"]
[Round "?"]
[White "Stas"]
[Black "Hossa"]
[Result "0-1"]
[WhiteElo "1988"]
[BlackElo "2477"]
[PlyCount "74"]

1. e4 c5 2. Nf3 Nc6 3. c4 Nf6 4. Nc3 e5 5. d3 Be7 6. Be3 O-O 7. h3 d6 8. g4 Qb6
9. Qd2 Be6 10. g5 Nd7 11. Nd5 Bxd5 12. exd5 Nd4 13. Bxd4 cxd4 14. Be2 Qd8 15.
h4 b5 16. cxb5 Rb8 17. a4 Rc8 18. Nh2 f6 19. g6 hxg6 20. Bf3 Nc5 21. Ng4 Nb3
22. Qd1 Qa5+ 23. Kf1 Nxa1 24. Qxa1 f5 25. Nh2 Bxh4 26. Kg2 g5 27. Nf1 Qd8 28.
Ng3 g4 29. Be2 Qg5 30. Rh2 f4 31. Ne4 f3+ 32. Kg1 Rc1+ 33. Bf1 g3 34. fxg3 Qe3+
35. Rf2 Rxa1 36. gxh4 Rxf1+ 37. Kxf1 37... Qc1# {Stas checkmated} 0-1

[Event "ICS rated blitz match"]
[Site "207.99.83.227"]
[Date "1999.04.17"]
[Round "?"]
[White "Hossa"]
[Black "WWWebbyTWeasel"]
[Result "1-0"]
[WhiteElo "2548"]
[BlackElo "2160"]
[PlyCount "89"]

1. e4 e5 2. Nf3 Nc6 3. Bb5 f5 4. exf5 e4 5. Qe2 Qe7 6. Bxc6 bxc6 7. Nd4 Qe5 8.
c3 c5 9. Nb5 a6 10. Nxc7+ Qxc7 11. Qxe4+ Kf7 12. Qxa8 Bb7 13. Qa7 Bd6 14. f3
Ne7 15. Na3 Nc6 16. Nb5 axb5 17. Qa3 c4 18. b4 Re8+ 19. Kd1 Bxh2 20. d4 cxd3
21. Qb3+ Kf8 22. f4 Bxf4 23. Rxh7 d5 24. Rh8+ Ke7 25. f6+ gxf6 26. Rh7+ Ke6 27.
Rxc7 Bxc7 28. a4 bxa4 29. Rxa4 Ne5 30. Ra7 Rb8 31. Bf4 Bb6 32. Ra2 Rc8 33. Rd2
Ng4 34. g3 Nf2+ 35. Ke1 Ba6 36. b5 Bb7 37. Rxf2 Bxf2+ 38. Kxf2 Rc4 39. Qd1 Re4
40. Qg4+ Kf7 41. Qh5+ Ke6 42. Qh3+ f5 43. Qh6+ Kd7 44. Qd6+ Ke8 45. Qb8+ {
WWWebbyTWeasel resigns} 1-0

[Event "ICS rated blitz match"]
[Site "207.99.83.227"]
[Date "1999.04.17"]
[Round "?"]
[White "WWWebbyTWeasel"]
[Black "Hossa"]
[Result "0-1"]
[WhiteElo "2157"]
[BlackElo "2551"]
[PlyCount "44"]

1. d4 Nf6 2. c4 g6 3. Nf3 Bg7 4. Nc3 d5 5. cxd5 Nxd5 6. e4 Nxc3 7. bxc3 Bg4 8.
Bb5+ Nd7 9. h3 Bxf3 10. Qxf3 c6 11. Be2 e5 12. O-O exd4 13. Rd1 dxc3 14. Ba3 c2
15. Rdc1 Bxa1 16. Rxa1 Qa5 17. Bd6 O-O-O 18. Qxf7 Qc3 19. Rc1 Qd2 20. Bf4 Qxe2
21. Qe6 Rhe8 22. Qd6 22... Ne5 {WWWebbyTWeasel resigns} 0-1

[Event "ICS rated blitz match"]
[Site "207.99.83.227"]
[Date "1999.04.17"]
[Round "?"]
[White "Hossa"]
[Black "WWWebbyTWeasel"]
[Result "1-0"]
[WhiteElo "2554"]
[BlackElo "2154"]
[PlyCount "51"]

1. e4 e5 2. Nf3 Nc6 3. Bc4 Nf6 4. Ng5 d5 5. exd5 Nxd5 6. Qh5 g6 7. Qf3 Be6 8.
Nxe6 fxe6 9. d3 Nd4 10. Qd1 b5 11. Bb3 a5 12. c3 Nxb3 13. Qxb3 c6 14. a4 Bc5
15. O-O O-O 16. Nd2 Nf4 17. Ne4 Qd5 18. Qxd5 Bxf2+ 19. Rxf2 exd5 20. Nc5 g5 21.
axb5 cxb5 22. Nd7 Rfe8 23. Nf6+ Kf7 24. Nxe8 Kxe8 25. Bxf4 gxf4 26. Re1 {
WWWebbyTWeasel resigns} 1-0

[Event "ICS rated blitz match"]
[Site "207.99.83.227"]
[Date "1999.04.17"]
[Round "?"]
[White "WWWebbyTWeasel"]
[Black "Hossa"]
[Result "0-1"]
[WhiteElo "2151"]
[BlackElo "2557"]
[PlyCount "44"]

1. e4 e5 2. b3 Nf6 3. Bb2 Bc5 4. Nc3 Nc6 5. Be2 O-O 6. Nf3 Ng4 7. O-O f5 8. h3
Nxf2 9. Rxf2 Bxf2+ 10. Kxf2 fxe4 11. Nxe4 Qh4+ 12. Ng3 e4 13. d3 exf3 14. Bxf3
d6 15. Qd2 Bxh3 16. Rh1 Rxf3+ 17. gxf3 Rf8 18. Qc3 Ne5 19. d4 Rxf3+ 20. Qxf3
Nxf3 21. Kxf3 Qg4+ 22. Kf2 22... Qf4+ {WWWebbyTWeasel resigns} 0-1

[Event "ICS rated blitz match"]
[Site "207.99.83.227"]
[Date "1999.04.17"]
[Round "?"]
[White "Hossa"]
[Black "WWWebbyTWeasel"]
[Result "1-0"]
[WhiteElo "2560"]
[BlackElo "2148"]
[PlyCount "87"]

1. e4 e5 2. Nf3 Nc6 3. Bb5 f5 4. exf5 e4 5. Qe2 Qe7 6. Bxc6 bxc6 7. Nd4 Qe5 8.
c3 c5 9. Nb5 a6 10. Nxc7+ Qxc7 11. Qxe4+ Kf7 12. Qxa8 Bb7 13. Qa7 Bd6 14. f3
Ne7 15. Na3 Nc6 16. Nb5 Re8+ 17. Kd1 Nxa7 18. Nxc7 Bxc7 19. Rb1 d5 20. d3 Nc6
21. f4 d4 22. Rf1 Ba5 23. Bd2 h5 24. b4 cxb4 25. cxb4 Bc7 26. Re1 Rxe1+ 27.
Kxe1 Kf6 28. b5 Ne7 29. b6 Bd6 30. Bb4 Bxb4+ 31. Rxb4 Nxf5 32. Kf2 Ke6 33. Rc4
Kd5 34. Rc7 Nd6 35. Rxg7 Kc6 36. Rg6 Bc8 37. g3 Bg4 38. b7 Kxb7 39. Rxd6 a5 40.
a3 a4 41. Rxd4 Bd1 42. f5 Kc6 43. f6 Bb3 44. Rxa4 {WWWebbyTWeasel resigns} 1-0

[Event "ICS rated blitz match"]
[Site "207.99.83.227"]
[Date "1999.04.17"]
[Round "?"]
[White "WWWebbyTWeasel"]
[Black "Hossa"]
[Result "0-1"]
[WhiteElo "2145"]
[BlackElo "2563"]
[PlyCount "52"]

1. e4 d6 2. d4 Nf6 3. Nc3 Nbd7 4. Nf3 e5 5. Bg5 Be7 6. Bc4 O-O 7. O-O c6 8.
dxe5 dxe5 9. Qe2 b5 10. Bb3 b4 11. Nd1 Bb7 12. c3 c5 13. Bc2 Rc8 14. a3 bxa3
15. Rxa3 a6 16. Re1 Qb6 17. Rb3 Qc7 18. Qd2 c4 19. Rxb7 Qxb7 20. Ba4 Nc5 21.
Qc2 Nd3 22. Re2 Rfd8 23. Bxf6 Bxf6 24. Ne3 Qxe4 25. h3 Qf4 26. g3 26... Qxf3 {
WWWebbyTWeasel resigns} 0-1

[Event "ICS rated blitz match"]
[Site "207.99.83.227"]
[Date "1999.04.17"]
[Round "?"]
[White "Hossa"]
[Black "WWWebbyTWeasel"]
[Result "1-0"]
[WhiteElo "2566"]
[BlackElo "2142"]
[PlyCount "123"]

1. e4 e5 2. Nf3 Nc6 3. Bb5 f5 4. exf5 e4 5. Qe2 Qe7 6. Bxc6 bxc6 7. Nd4 Qe5 8.
c3 c5 9. Nb5 a6 10. Nxc7+ Qxc7 11. Qxe4+ Kf7 12. Qxa8 Bb7 13. Qa7 Bd6 14. f3
Ne7 15. Na3 Nc6 16. Nb5 axb5 17. Qa3 c4 18. b4 Re8+ 19. Kd1 Ne5 20. Qa5 Qc6 21.
Qa7 Nxf3 22. f6 gxf6 23. Qf2 Ne5 24. Rf1 Re6 25. Qh4 Kg7 26. Qh3 Qxg2 27. Qxg2+
Bxg2 28. Rg1 Kf7 29. Rxg2 Nd3 30. h4 f5 31. Rg5 Kf6 32. Rg1 f4 33. a4 bxa4 34.
Rxa4 f3 35. Kc2 f2 36. Rf1 Re1 37. Rxf2+ Nxf2 38. b5 Nd3 39. Bb2 Nc5 40. Rxc4
Re4 41. Rxe4 Nxe4 42. d3 Nc5 43. c4+ Kf5 44. d4 Nb7 45. c5 Nxc5 46. dxc5 Bxc5
47. Bc1 d5 48. Kd3 Kg4 49. Be3 Bd6 50. Kd4 Kxh4 51. Kxd5 Bg3 52. Bh6 Kh5 53.
Bg7 Kg6 54. Be5 Bf2 55. Bd4 Bg3 56. b6 Bb8 57. Be5 Bxe5 58. Kxe5 h5 59. b7 Kg5
60. b8=Q h4 61. Qg8+ Kh5 62. Kf5 {WWWebbyTWeasel resigns} 1-0

[Event "ICS rated blitz match"]
[Site "207.99.83.227"]
[Date "1999.04.17"]
[Round "?"]
[White "WWWebbyTWeasel"]
[Black "Hossa"]
[Result "0-1"]
[WhiteElo "2139"]
[BlackElo "2569"]
[PlyCount "56"]

1. e4 e5 2. f4 exf4 3. Nf3 Bb4 4. c3 Be7 5. d4 Bh4+ 6. Ke2 Bg5 7. Qb3 f6 8. Kd1
Nc6 9. Bc4 Nh6 10. h4 Na5 11. hxg5 Nxb3 12. gxh6 Nxa1 13. hxg7 Ke7 14. gxh8=Q
Qxh8 15. Bxf4 d6 16. Nbd2 Be6 17. d5 Bg4 18. Kc1 b5 19. Bxb5 f5 20. Bd3 Qg8 21.
Kb1 Rf8 22. Bg5+ Kd7 23. Kxa1 Bxf3 24. Nxf3 fxe4 25. Bxe4 Rxf3 26. Rxh7+ Rf7
27. Bf5+ Ke8 28. Be6 28... Rf1+ {WWWebbyTWeasel resigns} 0-1

[Event "ICS rated blitz match"]
[Site "207.99.83.227"]
[Date "1999.04.17"]
[Round "?"]
[White "Hossa"]
[Black "WWWebbyTWeasel"]
[Result "1-0"]
[WhiteElo "2571"]
[BlackElo "2137"]
[PlyCount "57"]

1. e4 e5 2. Nf3 Nc6 3. Bc4 Nf6 4. Ng5 d5 5. exd5 Nxd5 6. Qh5 g6 7. Qf3 Be6 8.
Nxe6 fxe6 9. d3 Nd4 10. Qd1 b5 11. Bb3 a5 12. c3 Nxb3 13. Qxb3 c6 14. O-O a4
15. Qd1 Bc5 16. Bh6 Qh4 17. Bg7 O-O-O 18. Bxh8 Rxh8 19. b3 Rf8 20. Qe2 Nf4 21.
Qf3 Kc7 22. bxa4 g5 23. axb5 cxb5 24. Nd2 g4 25. Qe4 g3 26. Qxe5+ Kb6 27. hxg3
Qxg3 28. Qxc5+ Kxc5 29. Ne4+ {WWWebbyTWeasel resigns} 1-0

[Event "ICS rated blitz match"]
[Site "207.99.83.227"]
[Date "1999.04.17"]
[Round "?"]
[White "WWWebbyTWeasel"]
[Black "Hossa"]
[Result "0-1"]
[WhiteElo "2135"]
[BlackElo "2573"]
[PlyCount "52"]

1. e4 d6 2. d4 Nf6 3. Bd3 c6 4. Nc3 e5 5. Nf3 Nbd7 6. h3 Be7 7. Be3 Qa5 8. O-O
O-O 9. Qd2 exd4 10. Nxd4 Qd8 11. Nf5 Ne5 12. Nxe7+ Qxe7 13. Be2 Be6 14. b3 Rfe8
15. f4 Ned7 16. f5 Bd5 17. exd5 Qxe3+ 18. Qxe3 Rxe3 19. dxc6 bxc6 20. Bd3 Rae8
21. Nd1 Rg3 22. Kf2 Rg5 23. g4 h5 24. Ne3 hxg4 25. h4 Rh5 26. Kg3 26... Rxe3+ {
WWWebbyTWeasel resigns} 0-1

[Event "ICS rated blitz match"]
[Site "207.99.83.227"]
[Date "1999.04.17"]
[Round "?"]
[White "Hossa"]
[Black "WWWebbyTWeasel"]
[Result "1-0"]
[WhiteElo "2575"]
[BlackElo "2133"]
[PlyCount "51"]

1. e4 e5 2. Nf3 Nc6 3. Bc4 Nf6 4. Ng5 d5 5. exd5 Nxd5 6. Qh5 g6 7. Qf3 Be6 8.
Nxe6 fxe6 9. d3 Nd4 10. Qd1 Bc5 11. c3 Nf5 12. Nd2 Nf4 13. Ne4 Nxg2+ 14. Kf1
O-O 15. Kxg2 Nh4+ 16. Kf1 Bxf2 17. Nxf2 Rxf2+ 18. Kxf2 Qf6+ 19. Ke1 Rf8 20. Qe2
Nf3+ 21. Kd1 Qh4 22. Bxe6+ Kg7 23. Bd5 e4 24. Bxe4 Ne5 25. Be3 Nc4 26. Bd4+ {
WWWebbyTWeasel resigns} 1-0